000 00533nam a22001937a 4500
003 OSt
005 20140310183636.0
008 130228t xxu||||| |||| 00| 0 eng d
050 _aHF 5635
_b.M294 1998
100 _aManuel, Zenaida Vera Cruz
245 _aAccounting process :
_bbasic concepts and procedures /
_cZenaida Vera Cruz Manuel
250 _a7th ed.
260 _a[S.l.] :
_b[S.n.],
_c1998.
300 _a428 p. :
_c25 cm.
_bill. ;
521 _aBSA
650 _aAccounting
942 _2lcc
_cBK
_kLOC
999 _c25727
_d25727